Vstúpiť, či nechať tak čo všetko a akou mierou vplýva na výšku budúceho dôchodku

Dôchodková reforma a s ňou spojené otázky o tom, ktorý fond bude mať najlepšie zhodnotenie, ktoré spoločnosti získajú najviac sporiteľov a komu sa to oplatí a komu nie. Dôchodková reforma zavádza priamu závislosť dôchodku od sumy celoživotne zaplatených odvodov. Druhá časť reformy zavádza kapitaliza...

Celý popis

Uložené v:
Podrobná bibliografia
Hlavný autor: Fronc, Benedikt
Médium: Kapitola
Jazyk:Slovak
Predmet:
Tagy: Pridať tag
Žiadne tagy, Buďte prvý, kto otaguje tento záznam!

MARC

LEADER 00000naa$a2200000$$$4500
001 0025324
005 20231019082602.9
041 0 |a slo 
044 |a SK 
245 1 0 |a Vstúpiť, či nechať tak  |b čo všetko a akou mierou vplýva na výšku budúceho dôchodku  |c Benedikt Fronc 
520 |a Dôchodková reforma a s ňou spojené otázky o tom, ktorý fond bude mať najlepšie zhodnotenie, ktoré spoločnosti získajú najviac sporiteľov a komu sa to oplatí a komu nie. Dôchodková reforma zavádza priamu závislosť dôchodku od sumy celoživotne zaplatených odvodov. Druhá časť reformy zavádza kapitalizačný pilier. Podiel oboch pilierov na dôchodku. Rozhodovanie sa o vstupe do druhého piliera. 
610 2 0 |a reformy dôchodkové 
610 2 0 |a fondy penzijné 
610 2 0 |a dôchodky 
610 2 0 |a odvody 
610 2 0 |a poistenie dôchodkové individuálne 
100 1 |a Fronc, Benedikt